Dismantling glory (Record no. 145990)
[ view plain ]
| 000 -LEADER | |
|---|---|
| fixed length control field | 01907nam a2200433 a 4500 |
| 082 04 - DEWEY DECIMAL CLASSIFICATION NUMBER | |
| Classification number | 821/.9109358 |
| 100 1# - MAIN ENTRY--AUTHOR NAME | |
| Personal name | Goldensohn, Lorrie. |
| 245 10 - TITLE STATEMENT | |
| Title | Dismantling glory |
| 260 ## - PUBLICATION, DISTRIBUTION, ETC. (IMPRINT) | |
| Place of publication | New York : |
| Name of publisher | Columbia University Press, |
| Year of publication | c2003. |
| 300 ## - PHYSICAL DESCRIPTION | |
| Number of Pages | xiv, 372 p. : |
| Other physical details | ill. |
| 650 #0 - SUBJECT ADDED ENTRY--TOPICAL TERM | |
| Topical Term | Soldiers' writings, English |
| Topical Term | English poetry |
| Topical Term | Vietnam War, 1961-1975 |
| Topical Term | American poetry |
| Topical Term | Soldiers' writings, American |
| Topical Term | War and literature |
| Topical Term | World War, 1914-1918 |
| Topical Term | World War, 1939-1945 |
| Topical Term | War poetry, American |
| Topical Term | War poetry, English |
| 856 40 - ELECTRONIC LOCATION AND ACCESS | |
| Uniform Resource Identifier | http://site.ebrary.com/lib/rucke/Doc?id=10183343 |
No items available.
